| 000 | 01088nam a2200253 a 4500 | ||
|---|---|---|---|
| 001 | 000140452 | ||
| 003 | AM-YEHGA | ||
| 005 | 20250617122909.0 | ||
| 008 | 030329s1986 ru ||||gr|||||||||0|rus|d | ||
| 040 | _aAM-YeHGA | ||
| 041 | 1 |
_arus _heng |
|
| 100 | 1 | _aДанхоф, Кеннет Дж. | |
| 245 | 1 | 0 |
_aОсновы микропроцессорных вычислительных систем : _bПер. с англ. / _cКеннет Дж. Данхоф, Кэрол Л. Смит ; Пер. А.А. Савельева, Ю.В. Сальникова ; Под ред. А.Я. Савельева. |
| 260 |
_aМосква : _bВысш. шк, _c1986. |
||
| 300 |
_a287 с. ; _c22 см. |
||
| 650 | 1 | 4 | _aВычислительные системы на больших интегральных схемах |
| 650 | 1 | 4 | _aМикропроцессоры |
| 700 | 1 | _aСмит, Кэрол Л. | |
| 700 | 1 |
_aСавельев, А.А. _eпер. _4trl |
|
| 700 | 1 |
_aСальников, Ю.В. _eпер. _4trl |
|
| 700 | 1 |
_aСавельев, А.Я. _eред. _4edt |
|
| 942 |
_2udc _cBK |
||
| 090 | _c47892 | ||
| 999 |
_c47136 _d47136 |
||